Score 0/20 Timer 04:00
7 Plays Today
% Correct
Mel Gibson
98.6%
Charlize Theron
87.7%
Kirk Douglas
84.9%
Al Pacino
83.7%
Natalie Portman
81.1%
Ingrid Bergman
76.4%
Joseph Gordon-Levitt
73.5%
Ashton Kutcher
73.1%
Warren Beatty
71.6%
Judi Dench
70.8%
% Correct
Anthony Hopkins
70.2%
Sean Astin
69.4%
John Wayne
68.1%
Tony Curtis
66%
Meryl Streep
64.7%
Ed Harris
62.2%
Dustin Hoffman
57.7%
Liam Neeson
55.4%
Tommy Lee Jones
55%
Forest Whitaker
45.4%

You're not logged in!

Compare scores with friends on all Sporcle quizzes.
OR
Log In

Sporcle TV

Today on Sporcle TV


Watch our educational content, quiz creation guides, and fun videos on Sporcle TV.

Show Comments

Extras

Top Quizzes Today


Score Distribution

Paid Content

Your Account Isn't Verified!

In order to create a playlist on Sporcle, you need to verify the email address you used during registration. Go to your Sporcle Settings to finish the process.

Report this User

Report this user for behavior that violates our Community Guidelines.

Details: